000 00751nam a2200205Ia 4500
003 GCL
005 20240530103641.0
008 140319s9999 xx 000 0 ara d
040 _aGCL /
_cGCL
082 0 4 _a930
_bم ت
100 1 _aمحمد بيومى مهران
245 1 0 _aتاريخ العرب القديم ج1 /
_cمحمد بيومى مهران
260 _aالقاهرة :
_bدار المعرفة الجامعية ،
_c1996
300 _a645 ص؛
_c24سم
490 _aمصر و الشرق الادنى القديم
_v6
650 0 4 _aالحضارة العربية الاسلامية - المعارف البحرية
650 0 4 _aالحضارة القديمة
650 0 4 _aالعالم العربى - تاريخ
942 _2ddc
_cBK
999 _c41403
_d41403